| 000 | 00572nam a22001937a 4500 | ||
|---|---|---|---|
| 999 |
_c1189 _d1189 |
||
| 001 | 8330 | ||
| 003 | BD-DhUAP | ||
| 005 | 20200203155411.0 | ||
| 008 | 200203s2002 bg a|||| |||| 00| 0 eng d | ||
| 020 | _a9843203776 | ||
| 040 |
_aBD-DhUAP _bEng _cBD-DhUAP _dBD-DhUAP |
||
| 082 |
_223 _a323.095492 HUM |
||
| 245 |
_aHuman rights in Bangladesh 2000 / _cEdited by Hameeda Hossain. |
||
| 260 |
_aDhaka : _bAin o Salish Kendro, _cc2002. |
||
| 300 |
_a254 pages : _billustrations ; _c22 cm. |
||
| 650 |
_aHuman rights _zBangladesh. |
||
| 700 | _aHossain, Hameeda. | ||
| 942 |
_2ddc _cBK |
||